Modern-Day Countries of the Hunnic Empire on a Map - Statistics

General Stats
  • This quiz has been taken 4,405 times
  • The average score is 16 of 16
Answers on the Map
Answers color-coded by a green-red scale on the quiz's map according to % correct below.
 
Answer Stats
Countries % Correct
Czech Republic
99%
Germany
99%
Hungary
99%
Poland
99%
Romania
99%
Russia
99%
Slovakia
99%
Ukraine
99%
Austria
98%
Belarus
98%
Moldova
98%
Serbia
98%
Croatia
97%
Kazakhstan
96%
France
91%
Switzerland
85%
No matching quizzes found
Score Distribution
Percent of People with Each Score
Percentile by Number Answered
Your Score History
You have not taken this quiz